Istorija lemkiv

Bibliographic Details
Main Author: Halczak, Bogdan, 1959- (Author)
Format: Article
Language:Ukrainian
Subjects:

MARC

LEADER 00000nab a2200000 a 4500
001 vtls010649335
003 SK-MaSNL
005 20260318122813.0
008 150126c2014 xo wr p 000 c0ukr
015 |a SNBRB2015/01 
038 |a SVKPOCL 
040 |a SVKPOCL  |b slo  |c SVKPOCL  |e AACR2 
041 0 |a ukr 
044 |a xo  |c SK 
080 |a 80(=16)+908(4)  |2 2001 
080 |a 80(=161.2)+908(477)  |2 2001 
080 |a 323.15(=161.2)(091)  |2 2001 
080 |a 94(=161.2)(4)  |2 2001 
080 |a (041)  |2 2001 
080 |a (437.6)  |2 2001 
080 |a (438)  |2 2001 
080 |a (477)  |2 2001 
080 |a (439)  |2 2001 
080 |a (498)  |2 2001 
100 1 |a Halczak, Bogdan,  |d 1959-  |4 aut  |9 1554072 
245 1 0 |a Istorija lemkiv  |c Bohdan Halčak 
500 |a Halčak, Bohdan pozri Halczak, Bogdan 
500 |a Poľský tvar mená a rok narodenia prebratý z úvodnej časti brožúry 
648 7 |a 6.-20. stor.  |2 svkpocl  |9 310162 
650 0 7 |a národnostné menšiny  |2 svkpocl  |9 2669 
650 0 7 |a Lemkovia  |x dejiny  |2 svkpocl  |9 1554073 
650 0 7 |a slavistika  |2 svkpocl  |9 4282 
650 0 7 |a ukrajinistika  |2 svkpocl  |9 51200 
651 7 |a Maďarsko  |2 svkpocl  |9 16754 
651 7 |a Poľsko  |2 svkpocl  |9 16755 
651 7 |a Rumunsko  |2 svkpocl  |9 17409 
651 7 |a Slovensko  |2 svkpocl  |9 14231 
651 7 |a Ukrajina  |2 svkpocl  |9 168045 
655 7 |a brožúry  |2 svkpocl  |9 70146 
773 0 |t Nove žyttja  |g Roč. 64, č. 17-19 (2014) 
773 0 8 |i Príl.:  |a Halczak, Bogdan, 1959-  |t Istorija lemkiv  |g 32 s. 
852 |a SVKPO  |b KIS3GCP 
958 |a UK 
958 |a SK 
958 |a SS 
958 |a HU 
958 |a PL 
958 |a RO 
958 |a UA 
999 |c 3159366  |d 3161296